<?xml version="1.0" encoding="UTF-8"?><?xml-stylesheet type="text/xsl" href="static/style.xsl"?><OAI-PMH xmlns="http://www.openarchives.org/OAI/2.0/" xmlns:xsi="http://www.w3.org/2001/XMLSchema-instance" xsi:schemaLocation="http://www.openarchives.org/OAI/2.0/ http://www.openarchives.org/OAI/2.0/OAI-PMH.xsd"><responseDate>2026-04-27T11:46:33Z</responseDate><request verb="GetRecord" identifier="oai:riubu.ubu.es:10259/11380" metadataPrefix="marc">https://riubu.ubu.es/oai/request</request><GetRecord><record><header><identifier>oai:riubu.ubu.es:10259/11380</identifier><datestamp>2026-02-18T01:05:54Z</datestamp><setSpec>com_10259_9737</setSpec><setSpec>com_10259_5086</setSpec><setSpec>com_10259_2604</setSpec><setSpec>col_10259_10448</setSpec></header><metadata><record xmlns="http://www.loc.gov/MARC21/slim" xmlns:doc="http://www.lyncode.com/xoai" xmlns:xsi="http://www.w3.org/2001/XMLSchema-instance" xmlns:dcterms="http://purl.org/dc/terms/" xsi:schemaLocation="http://www.loc.gov/MARC21/slim http://www.loc.gov/standards/marcxml/schema/MARC21slim.xsd">
<leader>00925njm 22002777a 4500</leader>
<datafield tag="042" ind1=" " ind2=" ">
<subfield code="a">dc</subfield>
</datafield>
<datafield tag="720" ind1=" " ind2=" ">
<subfield code="a">Lifi, Mohamed</subfield>
<subfield code="e">author</subfield>
</datafield>
<datafield tag="720" ind1=" " ind2=" ">
<subfield code="a">Lorenzo, Jorge</subfield>
<subfield code="e">author</subfield>
</datafield>
<datafield tag="720" ind1=" " ind2=" ">
<subfield code="a">Aguilar Romero, Fernando</subfield>
<subfield code="e">author</subfield>
</datafield>
<datafield tag="720" ind1=" " ind2=" ">
<subfield code="a">Muñoz Rujas, Natalia</subfield>
<subfield code="e">author</subfield>
</datafield>
<datafield tag="720" ind1=" " ind2=" ">
<subfield code="a">Montero García, Eduardo</subfield>
<subfield code="e">author</subfield>
</datafield>
<datafield tag="720" ind1=" " ind2=" ">
<subfield code="a">Chhiti, Younes</subfield>
<subfield code="e">author</subfield>
</datafield>
<datafield tag="720" ind1=" " ind2=" ">
<subfield code="a">Alaoui, Fatima E. M.</subfield>
<subfield code="e">author</subfield>
</datafield>
<datafield tag="260" ind1=" " ind2=" ">
<subfield code="c">2021-02</subfield>
</datafield>
<datafield tag="520" ind1=" " ind2=" ">
<subfield code="a">Excess enthalpy, HE, density, &#xd;
, speed of sound, u, and refractive index, &#xd;
, measured data (312 points) are presented for {2-(2-ethoxyethoxy)ethanol (carbitol) with 1-hexene, or cyclohexane, or methylcyclohexane} at 0.1 MPa and (298.15 and 313.15) K throughout the full range of composition. Consequently, derivative properties were determined from the reported experimental data: &#xd;
, excess volume, &#xd;
, isentropic compressibility, &#xd;
, deviation in isentropic compressibility, &#xd;
, deviation in refractive index. The modified Redlich-Kister is employed for the experimental data correlation of HE, while the Predictive Peng-Robinson 1978 (PPR78) EoS is used to model the measured data of HE. As a comparison with PPR78 EoS, the NRTL and UNIQUAC models are applied to have a prediction on the experimental HE data. Also, the Redlich-Kister equation is employed to fit the excess volume, deviation in isentropic compressibility and deviation in refractive index. In the present work, we have discussed intermolecular interactions for the studied binary mixtures.</subfield>
</datafield>
<datafield tag="024" ind2=" " ind1="8">
<subfield code="a">0021-9614</subfield>
</datafield>
<datafield tag="024" ind2=" " ind1="8">
<subfield code="a">https://hdl.handle.net/10259/11380</subfield>
</datafield>
<datafield tag="024" ind2=" " ind1="8">
<subfield code="a">10.1016/j.jct.2020.106306</subfield>
</datafield>
<datafield ind1=" " ind2=" " tag="653">
<subfield code="a">Excess enthalpy</subfield>
</datafield>
<datafield ind1=" " ind2=" " tag="653">
<subfield code="a">Density</subfield>
</datafield>
<datafield ind1=" " ind2=" " tag="653">
<subfield code="a">Speed of sound</subfield>
</datafield>
<datafield ind1=" " ind2=" " tag="653">
<subfield code="a">Refractive index</subfield>
</datafield>
<datafield ind1=" " ind2=" " tag="653">
<subfield code="a">Oxygenated compound</subfield>
</datafield>
<datafield tag="245" ind1="0" ind2="0">
<subfield code="a">Excess enthalpy, density, speed of sound and refractive index of binary mixtures {2-(2-ethoxyethoxy)ethanol + 1-hexene, or cyclohexane, or methylcyclohexane at (298.15 and 313.15) K: Application of the PPR-78 cubic equation of state, NRTL and UNIQUAC models</subfield>
</datafield>
</record></metadata></record></GetRecord></OAI-PMH>